Fútbol programación anual del entrenamiento de 12 a 15 años: objetivos, ciclos y sesiones. 60 fichas de sesiones de entrenamiento, más de 450 ejercicios ilustrados con más de 270 dibujos
محفوظ في:
| المؤلف الرئيسي: | |
|---|---|
| التنسيق: | كتاب |
| اللغة: | الإسبانية |
| منشور في: |
Barcelona
Paidotribo
2010
|
| الطبعة: | 1a. ed |
| الموضوعات: | |
| الوسوم: |
إضافة وسم
لا توجد وسوم, كن أول من يضع وسما على هذه التسجيلة!
|
MARC
| LEADER | 00000nam a2200000 a 4500 | ||
|---|---|---|---|
| 001 | UCG3084 | ||
| 003 | CL-VaPUC | ||
| 008 | 100812e20100000SP |||||||||||||||||spa|d | ||
| 020 | |a 9788499100210 | ||
| 082 | 0 | 4 | |a 796.334 |b MAR |2 21 |
| 100 | |a Marseillou, Patrice |e autor |9 551916 | ||
| 245 | 1 | 0 | |a Fútbol programación anual del entrenamiento de 12 a 15 años: objetivos, ciclos y sesiones. 60 fichas de sesiones de entrenamiento, más de 450 ejercicios ilustrados con más de 270 dibujos |
| 250 | |a 1a. ed | ||
| 300 | |a 271 p | ||
| 942 | |c BK | ||
| 945 | |d 20100812 00:00:00 |a dcastane | ||
| 260 | |a Barcelona |b Paidotribo |c 2010 | ||
| 650 | 0 | |a Fútbol |9 307513 | |
| 650 | 7 | |a ENTRENAMIENTO ATLETICO |2 CL-VaPUC |9 551917 | |
| 583 | |a last modification |c 20100812 00:00:00 |k Rodrigo Vera | ||
| 999 | |c 342182 |d 342180 | ||
| 952 | |0 0 |1 0 |4 0 |6 796_334000000000000_MAR_2010 |7 0 |8 C |9 438230 |a BIBCUR |b BIBCUR |d 2019-11-22 |i 4702301 |l 1 |m 1 |o 796.334 MAR 2010 |p 4702301 |r 2025-04-22 |s 2023-04-17 |w 2019-11-22 |y BK |k DEN | ||